[Event "Challenge"]
[Site "http://www.queenalice.com/game.php?id=1123082"]
[Date "2012.11.17"]
[Round "-"]
[White "RLAC"]
[Black "rodrigochess"]
[Result "1-0"]
[WhiteElo "1375"]
[BlackElo "1255"]

1. e4 e5 2. Bc4 Nf6 3. d3 Nc6 4. Nf3 d6 5. h3 Be7 6. c3 Bd7 7. O-O O-O 8. a3 h6
9. b4 a6 10. Ba2 Be6 11. c4 Qc8 12. Nc3 Bxh3 13. gxh3 Qxh3 14. Nh2 Nh5 15. Qg4
Qxd3 16. Nd5 Nf6 17. Nxf6+ Bxf6 18. Bxh6 Qxa3 19. Rfb1 Qd3 20. Rd1 Qc3 21. Bd2
Qb2 22. Qe2 Nd4 23. Qd3 Nc2 24. Rdb1 Qd4 25. Qxc2 b6 26. Bc3 Qxf2+ 27. Qxf2 c6
28. Rd1 Rad8 29. Qxb6 Rfe8 30. Qxc6 Rc8 31. Qxa6 Ra8 32. Qxd6 Rf8 33. Bxe5 Bxe5
34. Qxe5 Rfe8 35. Qf4 Ra4 36. c5 Rxb4 37. Qxf7+ Kh7 38. Rd5 Rbxe4 39. Bb1 Kh8
40. Rh5# 1-0

[Event "Challenge"]
[Site "http://www.queenalice.com/game.php?id=1129318"]
[Date "2012.12.7"]
[Round "-"]
[White "gambittree3"]
[Black "RLAC"]
[Result "1-0"]
[WhiteElo "1337"]
[BlackElo "1438"]

1. e4 e5 2. d4 exd4 3. c3 dxc3 4. Bc4 d6 5. Qb3 Qe7 6. Nf3 Qxe4+ 7. Kf1 Be6 8.
Qxc3 Qxc4+ 9. Qxc4 Bxc4+ 10. Kg1 Nf6 11. Nc3 Be7 12. b3 Ba6 13. Bd2 O-O 14. h3
Nbd7 15. g3 b6 16. Nd4 c5 17. Nf3 Bb7 18. Re1 Bxf3 19. Rh2 1-0

[Event "AUTO-BEG-558"]
[Site "http://www.queenalice.com/game.php?id=1129550"]
[Date "2012.12.8"]
[Round "2"]
[White "grautvornix"]
[Black "RLAC"]
[Result "1-0"]
[WhiteElo "1759"]
[BlackElo "1412"]

1. g3 e5 2. d3 d5 3. e3 Nc6 4. a3 Nf6 5. Bg2 Be6 6. Ne2 Be7 7. O-O O-O 8. Nd2
Rb8 9. b3 b6 10. h3 Qd7 11. Kh2 Bd6 12. c4 Be7 13. cxd5 Bxd5 14. Nf3 Rbd8 15. e4
1-0

[Event "AUTO-BEG-558"]
[Site "http://www.queenalice.com/game.php?id=1129551"]
[Date "2012.12.8"]
[Round "2"]
[White "RLAC"]
[Black "grautvornix"]
[Result "0-1"]
[WhiteElo "1410"]
[BlackElo "1761"]

1. e4 Nf6 2. Nc3 Nc6 3. d3 e5 4. f4 d5 5. f5 dxe4 6. Nxe4 Nxe4 7. dxe4 Qh4+ 8.
Kd2 Qxe4 9. Qe2 Bxf5 10. Qxe4 Bxe4 11. Kd1 O-O-O+ 12. Bd2 Nb4 13. c3 Nd3 14.
Bxd3 Rxd3 0-1

[Event "AUTO-BEG-558"]
[Site "http://www.queenalice.com/game.php?id=1129554"]
[Date "2012.12.8"]
[Round "2"]
[White "RLAC"]
[Black "adrian_iuga"]
[Result "0-1"]
[WhiteElo "1416"]
[BlackElo "1771"]

1. e4 c5 2. Nc3 d6 3. Bc4 Nf6 4. d3 Nc6 5. Nd5 e6 6. Nxf6+ Qxf6 7. c3 a6 8. Nf3
Be7 9. O-O b5 10. Bb3 O-O 11. a3 Bb7 12. Ba2 Rfd8 13. Qd2 d5 14. exd5 exd5 15.
Re1 c4 16. dxc4 dxc4 17. Qe3 Bd6 0-1

[Event "AUTO-BEG-558"]
[Site "http://www.queenalice.com/game.php?id=1129555"]
[Date "2012.12.8"]
[Round "2"]
[White "adrian_iuga"]
[Black "RLAC"]
[Result "1-0"]
[WhiteElo "1769"]
[BlackElo "1418"]

1. e4 e5 2. Nf3 d6 3. Bc4 h6 4. O-O Nf6 5. Re1 Be7 6. c3 c5 7. a3 a6 8. b4 b5 9.
Ba2 c4 10. d3 d5 11. Nxe5 O-O 12. exd5 Qxd5 13. dxc4 Qxd1 14. Rxd1 Rd8 15. Rxd8+
Bxd8 16. cxb5 Be6 17. Bxe6 1-0

[Event "AUTO-BEG-556"]
[Site "http://www.queenalice.com/game.php?id=1136330"]
[Date "2013.1.2"]
[Round "2"]
[White "adrian_iuga"]
[Black "RLAC"]
[Result "1-0"]
[WhiteElo "1941"]
[BlackElo "1493"]

1. e4 e5 2. Nf3 Nf6 3. Nxe5 Qe7 4. d4 d6 5. Nf3 Nxe4 6. Be2 Qd8 7. Qd3 Nf6 8.
Bg5 Be7 9. O-O O-O 10. Nbd2 h6 11. Bh4 d5 12. c3 c6 13. Rfe1 Re8 14. b4 a5 15.
a3 axb4 16. axb4 1-0

[Event "AUTO-BEG-560"]
[Site "http://www.queenalice.com/game.php?id=1142155"]
[Date "2013.1.18"]
[Round "2"]
[White "RLAC"]
[Black "adrian_iuga"]
[Result "0-1"]
[WhiteElo "1497"]
[BlackElo "1937"]

1. e4 c5 2. Nc3 Nc6 3. d3 g6 4. a3 Bg7 5. Bd2 e6 6. Nf3 Nf6 7. h3 O-O 8. Be2 d5
9. e5 Nd7 10. O-O Ndxe5 11. Re1 Nd7 12. Rb1 d4 13. Ne4 e5 0-1

[Event "AUTO-BEG-560"]
[Site "http://www.queenalice.com/game.php?id=1142156"]
[Date "2013.1.18"]
[Round "2"]
[White "adrian_iuga"]
[Black "RLAC"]
[Result "1-0"]
[WhiteElo "1939"]
[BlackElo "1495"]

1. e4 e5 2. Nf3 Nf6 3. Nxe5 Qe7 4. Nf3 Nxe4 5. Qe2 d6 6. d3 Nf6 7. Bg5 Qxe2+ 8.
Bxe2 Be7 9. O-O O-O 10. Re1 Re8 11. b4 a6 12. c4 b5 13. Nc3 c6 14. a4 1-0

[Event "AUTO-BEG-557"]
[Site "http://www.queenalice.com/game.php?id=1147320"]
[Date "2013.1.31"]
[Round "2"]
[White "RLAC"]
[Black "Jonatamachado"]
[Result "0-1"]
[WhiteElo "1473"]
[BlackElo "1397"]

1. e4 e5 2. Nf3 Nc6 3. Bb5 d6 4. Bxc6+ bxc6 5. h3 Nf6 6. d3 Be7 7. O-O O-O 8.
Nc3 h6 9. Nh2 Nh7 10. f4 exf4 11. Bxf4 Bg5 12. Qd2 Be6 13. Nf3 Be7 0-1

[Event "AUTO-BEG-557"]
[Site "http://www.queenalice.com/game.php?id=1147321"]
[Date "2013.1.31"]
[Round "2"]
[White "Jonatamachado"]
[Black "RLAC"]
[Result "1-0"]
[WhiteElo "1416"]
[BlackElo "1454"]

1. e4 e5 2. Nf3 Nf6 3. Nc3 d6 4. Bc4 h6 5. O-O Be7 6. d3 a6 7. h3 c6 8. a3 O-O
9. Be3 b5 10. Ba2 Bb7 11. Qd2 Nbd7 12. Ne2 d5 13. exd5 cxd5 14. Qc1 1-0

[Event "AUTO-BEG-557"]
[Site "http://www.queenalice.com/game.php?id=1147322"]
[Date "2013.1.31"]
[Round "2"]
[White "RLAC"]
[Black "grautvornix"]
[Result "0-1"]
[WhiteElo "1489"]
[BlackElo "1905"]

1. e4 c5 2. Nc3 a6 3. d3 Nc6 4. Nf3 e6 5. Be2 g6 6. b3 Bg7 7. Bb2 b5 8. Qc1 Nge7
9. Rb1 O-O 10. O-O Nd4 11. Nxd4 cxd4 12. Nd1 Bb7 13. f4 d6 0-1

[Event "AUTO-BEG-557"]
[Site "http://www.queenalice.com/game.php?id=1147323"]
[Date "2013.1.31"]
[Round "2"]
[White "grautvornix"]
[Black "RLAC"]
[Result "1-0"]
[WhiteElo "1903"]
[BlackElo "1491"]

1. Nf3 Nf6 2. b3 d6 3. Bb2 e5 4. c4 a5 5. Nc3 c6 6. d3 Be7 7. e4 O-O 8. Be2 b6
9. O-O Be6 10. Ng5 Bc8 11. Bc1 h6 12. Nf3 Bb7 13. Ne1 Na6 14. Nc2 1-0